LIBRARY & INFORMATION CENTRE, KCAET, TAVANUR

ONLINE PUBLIC ACCESS CATALOGUE (OPAC)

Dryden of Dramatic poesie Essay with Sir Robert Howards preface to the great favorite dryden,s at essay / (Record no. 11734)

MARC details
000 -LEADER
fixed length control field 00428cam a2200133ua 4500
041 ## - LANGUAGE CODE
Language code of text/sound track or separate title eng
082 ## - DEWEY DECIMAL CLASSIFICATION NUMBER
Classification number 828.09
Item number BOU/DR
100 ## - MAIN ENTRY--AUTHOR NAME
Personal name Boutten, James.T .
245 ## - TITLE STATEMENT
Title Dryden of Dramatic poesie Essay with Sir Robert Howards preface to the great favorite dryden,s at essay /
260 ## - PUBLICATION, DISTRIBUTION, ETC. (IMPRINT)
Place of publication :
Name of publisher Oxford University press ,
Year of publication 1964.
300 ## - PHYSICAL DESCRIPTION
Number of Pages 90 ; .

No items available.

free website counter